000 00327nam a2200133Ia 4500
008 220204s9999 xx 000 0 und d
082 _a657
_bCAR
245 0 _aCurrent issues in accounting
260 _aOxford
_bPhilip Allan
_c1977
650 _aAccounting
700 _aCarsberg, Bryan
700 _aHope, Tony
942 _cBK
999 _c28020
_d28020